Ethnic Chinese as Southeast Asians /

Bibliographic Details
Other Authors: Suryadinata, Leo
Format: Book
Language:English
Published: New York : Singapore : St. Martin's Press ; Institute of Southeast Asian Studies, [1997]
Subjects:

MARC

Tag First Indicator Second Indicator Subfields
LEADER 00000cam a2200000 a 4500
001 in00001404028
005 20151020054306.0
008 970306s1997 nyua b 001 0 eng
010 |a  97012113  
020 |a 0312175760 (St. Martin's : cloth) 
020 |a 9813055502 (ISEAS : pbk.) 
020 |a 9813055588 (ISEAS : cloth) 
035 |a (OCoLC)36549117 
035 |9 AHN1019AM 
040 |a DLC  |c DLC  |d TXA  |d UtOrBLW 
043 |a as-----  |a a-cc--- 
049 |a TXAM 
050 0 0 |a DS509.5.C5  |b E85 1997 
082 0 0 |a 305.895/1059  |2 21 
245 0 0 |a Ethnic Chinese as Southeast Asians /  |c edited by Leo Suryadinata. 
264 1 |a New York :  |b St. Martin's Press ;  |a Singapore :  |b Institute of Southeast Asian Studies,  |c [1997] 
264 4 |c ©1997 
300 |a xi, 308 pages :  |b illustrations ;  |c 24 cm. 
336 |a text  |b txt  |2 rdacontent 
337 |a unmediated  |b n  |2 rdamedia 
338 |a volume  |b nc  |2 rdacarrier 
504 |a Includes bibliographical references and index. 
650 0 |a Chinese  |z Southeast Asia  |x Ethnic identity. 
650 0 |a Chinese  |z Southeast Asia  |x Economic conditions. 
650 0 |a Investments, Foreign  |z China. 
651 0 |a Southeast Asia  |x Ethnic relations. 
700 1 |a Suryadinata, Leo. 
999 |a MARS 
999 f f |s c5823043-793b-363d-bf22-a3b6039d6292  |i 2fbaccf0-f58c-39b8-8fc2-eeb3dbbc6c3f  |t 0 
952 f f |p ric  |a Texas A&M University  |b Rellis Campus  |c Joint Library Facility  |d Remote Storage  |t 0  |e DS509.5.C5 E85 1997  |h Library of Congress classification  |i unmediated -- volume  |m A14822069823 
998 f f |a DS509.5.C5 E85 1997  |t 0  |l Remote Storage